[Event "FIDE WCC 2018"]
[Site "Khanty-Mansiysk"]
[Date "2018.11.04"]
[Round "1.2"]
[White "Alinasab, Mobina"]
[Black "Paehtz, Elisabeth"]
[Result "1/2-1/2"]
[WhiteElo "2236"]
[BlackElo "2495"]
[Annotator "TA"]
[PlyCount "120"]
[EventDate "2018.11.03"]
[EventType "k.o."]
[EventCountry "RUS"]
[SourceTitle "playchess.com"]
[Source "ChessBase"]
[SourceQuality "1"]

{[%evp 14,120,14,22,27,33,55,9,13,-14,-27,-8,-7,-50,-67,-71,-56,-59,0,0,0,0,0,8,8,7,7,0,0,0,104,109,81,-64,24,23,32,31,47,48,50,49,78,86,152,103,129,54,200,143,118,123,183,67,166,127,147,150,106,49,43,52,140,150,130,120,207,209,285,210,180,181,261,260,860,822,726,132,132,132,132,132,132,132,89,126,92,14,14,0,0,0,0,0,0,0,32,32,32,32,96,0,24,0,105,0,28,0,105]} 1. e4 c5 2. Nf3 d6 3. d4 cxd4 4. Nxd4 Nf6 5. Nc3 a6 6. Be2 e6 7. Be3 Qc7 8. f4 {LiveBook: 148 Games} Nbd7 {[%cal Bb8d7,Bd7b6,Bb6c4][%mdl 32] B84: Sicilian Scheveningen: 6 Be2 a6, lines without early Be3} (8... b5 9. Bf3 Bb7 10. a3 Be7 11. O-O O-O 12. Qe1 Nbd7 13. Kh1 Nb6 14. Rd1 Rac8 15. Rd3 Nfd7 16. Bc1 Bf6 17. Rd1 Qb8 18. Nce2 Qa8 19. Ng3 Bh4 20. Nb3 Nc4 21. Rf2 Nf6 22. Re2 d5 {1-0 (46) Timofeev,A (2681)-Zhou,J (2623) Sochi 2009}) 9. Bf3 e5 10. Nb3 Be7 11. f5 $146 ({Predecessor:} 11. a4 exf4 12. Bxf4 Ne5 13. O-O Be6 14. Kh1 O-O 15. Nd4 Qb6 16. Nf5 Bxf5 17. exf5 Qxb2 {1-0 (44) Sorokin,G-Sakharov,Y ICCF corr 1977}) 11... b5 12. a3 Nb6 13. g4 Nc4 14. Bc1 h6 15. h4 Qb6 ({Better is} 15... Bb7 $15) 16. Qe2 $11 Bb7 17. Nd2 Rc8 18. Nxc4 Rxc4 19. Bd2 d5 20. exd5 e4 $1 {[%cal Re4f3]} 21. Nxe4 Nxe4 (21... Rxc2 $11 {remains equal.} 22. Nxf6+ Qxf6) 22. Bxe4 $16 {Black must now prevent 0-0-0.} Bxh4+ 23. Kd1 ({Only move:} 23. Kf1 $16 O-O 24. Rxh4) 23... Kd7 (23... O-O $1 $15 24. Bd3 (24. Rxh4 $2 Re8 $17) 24... Bf6) 24. Bd3 $11 (24. Rxh4 Re8 $15) 24... Re8 25. Qg2 $36 {[%mdl 2048] Black is under pressure.} (25. Bxc4 Rxe2 26. Bxe2 Bf6 $17) 25... Bf6 26. Bxc4 bxc4 27. Bc3 {Threatens to win with Bxf6.} Bg5 28. Re1 $1 {[%cal Re1e8] Strongly threatening Rxe8.} (28. Bxg7 f6 $19) 28... Re3 (28... Be3 $142) 29. Rxe3 (29. Bxg7 f6 $11) 29... Qxe3 30. Bd2 (30. Bxg7 $6 f6 $11) (30. a4 $16) 30... Qb6 (30... Qd4 $14 31. c3 Qd3) 31. Bxg5 Qxb2 32. Rc1 hxg5 $16 {[%mdl 4096] Endgame KQR-KQB} (32... Qd4+ $16 33. Ke2 (33. Bd2 c3 $14) 33... hxg5) 33. Qd2 ({White has to play} 33. Qe4 $18) 33... Qe5 (33... Qxa3 $14 34. c3 Qd6) 34. c3 (34. Qxg5 $2 c3 $19) 34... Bxd5 35. Kc2 Kc6 36. Re1 (36. Qxg5 $6 Be4+ 37. Kb2 Qb8+ 38. Ka1 Qd6 $11) (36. Rd1 $16) 36... Qb8 $1 $14 37. Kc1 Qd6 (37... Qb3 $1 $14) 38. Kb2 $16 Qb8+ 39. Ka1 {Qe3 is the strong threat.} Qd6 (39... Qb3 $16) 40. Qb2 $18 Bf3 41. Rb1 Kd7 42. Ka2 $1 Kc8 (42... Qd3 $142 43. Qb6 Qxc3 44. Qa7+ (44. Qxa6 Bd5 $16) 44... Kd6 45. Qxf7 Qe5) 43. Qf2 Bxg4 $2 (43... Bd1 44. Rb6 Qe5 45. Rc6+ Kd7 46. Rxc4 (46. Rxa6 Qe2+ 47. Qxe2 Bxe2 $16) 46... Qe2+ 47. Qxe2 Bxe2 48. Rd4+ Kc6) 44. Rb4 Kd8 45. Rxc4 $2 (45. Rb2 $18 Qe5 46. Qb6+ Ke8 47. Qa7 Bxf5 48. Rb8+ Qxb8 49. Qxb8+ Kd7 50. Qa7+ Ke8 51. Qxa6) 45... Qd5 $16 46. Qd4 Bf3 47. Kb2 Qxd4 48. Rxd4+ {KR-KB} Ke7 49. Kc1 Kf6 50. Kd2 (50. Rd7 $1 $16) 50... Kxf5 $11 51. Ke3 g4 52. Rd7 Ke6 53. Ra7 f5 $1 54. Rxg7 Be4 55. Kf4 {Hoping for Rg6+.} Kd5 $1 56. Rc7 Bd3 {[#]} (56... Bc2 $14) 57. Ke3 (57. a4 $1 $16) 57... Bb5 58. Kf4 ({White should play} 58. Rc8 $11) 58... Bd3 $1 $16 {[#]} 59. Ke3 (59. a4 $1 $16) 59... Bb5 $11 60. Kf4 (60. Rc8 $11) 60... Bd3 $1 {Precision: White = 52%, Black = 47%.} 1/2-1/2

[Event "FIDE WCC 2018"]
[Site "Khanty-Mansiysk"]
[Date "2018.11.04"]
[Round "1.2"]
[White "Sun, Fanghui"]
[Black "Tan, Zhongyi"]
[Result "1/2-1/2"]
[WhiteElo "2183"]
[BlackElo "2513"]
[Annotator "TA"]
[PlyCount "62"]
[EventDate "2018.11.03"]
[EventType "k.o."]
[EventCountry "RUS"]
[SourceTitle "playchess.com"]
[Source "ChessBase"]
[SourceQuality "1"]

{[%evp 17,62,0,0,-2,0,0,23,13,10,12,28,3,44,52,41,46,48,59,71,10,10,8,0,-35,0,0,0,0,0,0,23,-5,-5,-13,0,0,0,0,0,0,0,0,0,0,0,0,0]} 1. e4 e5 2. Nf3 Nc6 3. Bb5 Nf6 4. d3 Bc5 5. O-O Nd4 6. Nxd4 Bxd4 7. c3 {C65: Ruy Lopez: Berlin Defence (3...Nf6), unusual lines and 4 0-0 Bc5} Bb6 8. Qf3 c6 9. Ba4 d6 {LiveBook: 3 Games} 10. Bb3 $146 ({Predecessor:} 10. h3 h6 11. Nd2 Bc7 12. Re1 O-O 13. Nf1 Nh7 14. Ne3 Qf6 {½-½ (63) Granda Zuniga,J (2667)-Sargissian,G (2679) Douglas 2015}) 10... Qe7 11. a4 {[%cal Ba2a4,Ba4a5][%mdl 32]} Be6 12. Bxe6 fxe6 13. a5 Bc7 14. d4 O-O 15. dxe5 Nd7 16. exd6 Qxd6 {[%csl Gc7][%cal Rd6h2] [#]} 17. Qg3 Ne5 18. Be3 (18. Bg5 $16) 18... Qd3 $11 {White must now prevent ...Nf3+!} 19. Qh3 Qxe4 20. Nd2 Qg4 (20... Qg6 {is interesting.} 21. Qh4 Rad8 22. Qg5 Ng4 23. Nf3 Qxg5 24. Bxg5 Rd5) 21. Qxg4 Nxg4 22. g3 Nxe3 23. fxe3 Rf5 24. Nc4 Rc5 {The position is equal.} 25. b3 Rd5 26. Kf2 Rf8+ 27. Ke2 Rh5 28. Rh1 Rhf5 29. Rhf1 Rh5 30. Rh1 Rhf5 31. Rhf1 Rh5 {Precision: White = 65%, Black = 72%.} 1/2-1/2

[Event "FIDE WCC 2018"]
[Site "Khanty-Mansiysk"]
[Date "2018.11.04"]
[Round "1.2"]
[White "Ouellet, Maili-Jade"]
[Black "Goryachkina, Aleksandra"]
[Result "0-1"]
[WhiteElo "2125"]
[BlackElo "2534"]
[Annotator "TA"]
[PlyCount "138"]
[EventDate "2018.11.03"]
[EventType "k.o."]
[EventCountry "RUS"]
[SourceTitle "playchess.com"]
[Source "ChessBase"]
[SourceQuality "1"]

{[%evp 20,138,0,0,0,0,0,0,0,-14,0,-11,-17,-22,-7,-19,-19,-73,-69,-70,-64,-80,-86,-72,-86,-68,-91,-88,-80,-79,-72,-69,-65,-75,-72,-72,-72,-90,-92,-91,-38,-72,-79,-56,-48,-120,0,-107,-107,-107,-106,-107,-107,-107,-107,-107,-99,-174,-164,-208,-208,-216,-211,-250,-266,-258,-252,-251,-249,-257,-250,-255,-254,-237,-241,-326,-251,-297,-247,-387,-383,-409,-398,-388,-370,-387,-373,-370,-351,-340,-343,-409,-424,-515,-452,-908,-926,-881,-871,-826,-785,-6734,-7420,-5489,-4783,-29968,-29969,-29966,-29964,-29973,-29974,-29976,-29976,-29977,-29976,-29981,-29982,-29982,-29983,-29985,-29986]} 1. d4 Nf6 2. c4 e6 3. Nc3 Bb4 4. e3 O-O 5. Bd3 d5 6. Nf3 dxc4 7. Bxc4 c5 8. O-O Nc6 9. a3 Ba5 10. dxc5 Bxc3 11. bxc3 {LiveBook: 8 Partien} Qxd1 {E56: Nimzoindisch (Moderne Variante)} (11... Qa5 12. Qe2 Qxc5 13. e4 e5 14. a4 Na5 15. Ba2 Qc7 16. Ba3 Re8 17. Ng5 Bg4 18. f3 Bh5 19. Kh1 h6 20. Nh3 Rac8 {0-1 (62) Arnaudov,P (2490)-Vidit,S (2554) Golden Sands 2013}) 12. Rxd1 Na5 13. Ba2 $146 ({Vorgänger:} 13. Rd4 Nd7 14. a4 Nxc5 15. Ba3 b6 16. Ba2 Bb7 17. Bxc5 bxc5 18. Rd6 Rfd8 19. Rad1 {0-1 (51) Bouget,A (2256)-Favarel,A (2359) Condom 2015}) 13... Bd7 {Die Stellung ist ausgeglichen.} 14. Rd4 Rfc8 15. Bb2 Rxc5 16. Rad1 Be8 17. Ne1 Nc6 18. Rc4 (18. R4d2 $11 {hält das Gleichgewicht.}) 18... Rxc4 19. Bxc4 Na5 $36 {[%mdl 2048] Weiss steht unter Druck.} 20. Ba2 Ba4 21. Rd4 Bb3 22. Bxb3 Nxb3 23. Rb4 Na5 24. e4 b6 25. f3 Rc8 26. Kf2 Nc6 27. Rb3 Ne8 28. Ke2 Nd6 29. Nd3 f5 (29... f6 $17) 30. Nf2 Kf7 31. a4 Nb7 32. Nd3 (32. exf5 $15 exf5 33. Nd3) 32... Rd8 ({Lieber} 32... fxe4 $17 33. fxe4 Nd6) 33. Bc1 (33. exf5 $11 exf5 34. Rb5) 33... fxe4 $17 34. fxe4 Nd6 35. Nf2 e5 36. Rb1 Ke6 37. Be3 Rc8 38. Rd1 (38. Kd3 $17) 38... Na5 $19 39. Kd3 {[#]} Ndc4 $1 {[%cal Rc4b2]} 40. Bc1 Nb3 41. Kc2 {[#]} Nc5 $1 42. a5 Nxa5 43. Ba3 Ncb7 44. Rd3 Nc4 45. Bc1 Nc5 46. Rg3 Rc7 47. h4 Nd6 48. Re3 Na4 49. Kb3 (49. Nh3 {ist wohl besser.}) 49... b5 50. h5 Nc5+ 51. Ka2 Nc4 52. Rg3 Rf7 53. Rf3 Nd6 54. Be3 {Txf7 ist eine echte Drohung.} Ndxe4 ({Auf keinen Fall} 54... Ncxe4 55. Rxf7 Kxf7 56. Nxe4 $19) 55. Nxe4 Nxe4 56. Rxf7 Kxf7 57. Bxa7 (57. Kb3 $142 a5 58. c4 a4+ 59. Kb4 bxc4 60. Kxc4) 57... Nxc3+ {[%mdl 4096] Endspiel KL-KS} 58. Kb3 Nd5 59. Kc2 Nf6 60. h6 gxh6 61. Be3 h5 62. Bc5 Ke6 {Schwarz setzt Matt.} 63. Kd3 Kf5 64. Bf2 Nd5 65. Ke2 e4 66. Bd4 b4 {[%cal Bb5b4,Bb4b3][%mdl 32]} 67. g3 Kg4 68. Be5 b3 69. Kd2 Kf3 {Precision: Weiß = 38%, Schwarz = 79%.} 0-1

[Event "FIDE WCC 2018"]
[Site "Khanty-Mansiysk"]
[Date "2018.11.04"]
[Round "1.2"]
[White "Hamid, Rani"]
[Black "Muzychuk, Anna"]
[Result "0-1"]
[WhiteElo "1935"]
[BlackElo "2564"]
[Annotator "TA"]
[PlyCount "50"]
[EventDate "2018.11.03"]
[EventType "k.o."]
[EventCountry "RUS"]
[SourceTitle "playchess.com"]
[Source "ChessBase"]
[SourceQuality "1"]

{[%evp 21,50,0,29,0,0,-95,-40,-33,-46,-88,-86,-77,-81,-91,-67,-72,-43,-66,-68,-78,-73,-97,-85,-386,-379,-1354,-1246,-1291,-1289,-29996,-29997]} 1. e4 e5 2. Nf3 Nc6 3. Bb5 {[%cal Bf1b5,Bb5a4,Ba4b3][%mdl 32]} a6 4. Ba4 Nf6 5. O-O Be7 6. Re1 b5 7. Bb3 O-O 8. h3 Bb7 9. c3 d5 10. exd5 Nxd5 11. d3 Bf6 {LiveBook: 8 Games. C88: Closed Ruy Lopez: Anti-Marshall Systems} (11... Qd7 12. Nbd2 Rad8 13. Nf1 Kh8 14. a4 f6 15. Qe2 b4 16. Bd2 Na5 17. Bc2 Qc6 18. d4 Nc4 19. Bc1 bxc3 20. bxc3 {0-1 (50) Sasikiran,K (2677)-Fressinet,L (2657) Germany 2017}) 12. Bc2 b4 13. c4 (13. a3 $11 {remains equal.}) 13... Nde7 $146 (13... Nf4 $17 14. Nbd2 Nxd3 15. Bxd3 Qxd3) ({Predecessor:} 13... Nf4 14. Re3 Nd4 15. Nxd4 Qxd4 16. Rg3 Bh4 17. Be3 Qxb2 18. Nd2 Ne2+ 19. Kh2 Bxg3+ 20. fxg3 {0-1 (43) Miulescu,G (2355)-Le Bideau,A (2250) Paris 1993}) 14. Nbd2 $15 Nf5 15. Nf1 Ncd4 16. Nxd4 Nxd4 17. Be3 Re8 {[%cal Bf8e8,Be8e6,Be6g6][%mdl 32]} 18. Ng3 Bg5 19. Qd2 Bxe3 $1 20. fxe3 Qg5 $36 {[%mdl 2048] Black is really pushing.} 21. Kh2 Re6 {[#] aiming for ...Rg6.} 22. Rad1 $2 {[%mdl 8192]} (22. Bd1 $17) 22... Rg6 $19 23. Ne4 $2 (23. Qf2 Nxc2 24. Re2) 23... Bxe4 $1 24. dxe4 {[#]} Nf3+ $1 {[%mdl 512]} 25. gxf3 Qg3+ {Precision: White = 11%, Black = 49%.} 0-1

[Event "FIDE WCC 2018"]
[Site "Khanty-Mansiysk"]
[Date "2018.11.04"]
[Round "1.2"]
[White "Toubal, Hayat"]
[Black "Koneru, Humpy"]
[Result "0-1"]
[WhiteElo "1870"]
[BlackElo "2548"]
[Annotator "TA"]
[PlyCount "92"]
[EventDate "2018.11.03"]
[EventType "k.o."]
[EventCountry "RUS"]
[SourceTitle "playchess.com"]
[Source "ChessBase"]
[SourceQuality "1"]

{[%evp 18,92,9,0,-2,0,6,-3,0,0,0,0,0,0,-14,-59,-66,-75,-68,-64,-54,-95,-42,-44,-41,-92,-87,-152,-153,-147,-150,-162,-166,-181,-188,-178,-185,-207,-195,-210,-169,-194,-191,-190,-194,-188,-191,-189,-84,-88,-42,-76,-75,-185,-186,-382,-148,-346,-166,-164,-145,-236,-185,-168,-183,-910,-912,-820,-820,-801,-774,-29991,-29992,-29992,-29993,-29993,-29994]} 1. d4 d5 2. Nf3 c5 3. e3 Nf6 4. Nbd2 Nbd7 5. b3 g6 6. Bd3 Bg7 7. Bb2 O-O 8. O-O b6 {D04: Colle System} (8... e6 9. c4 b6 10. Qe2 Bb7 11. Rfd1 Qe7 12. Rac1 Rfd8 13. Ba3 Rac8 14. cxd5 Nxd5 15. Ba6 Bxa6 16. Qxa6 {1-0 (53) Nakamura,H (2786)-Caruana,F (2802) chess.com INT 2017}) 9. Qe2 Bb7 10. c4 {LiveBook: 4 Games} Rc8 {The position is equal.} 11. Rac1 e6 12. Rfd1 Qe7 13. h3 $146 ({Predecessor:} 13. Bb1 Rfd8 14. a4 cxd4 15. Nxd4 {½-½ (32) Stefanova,A (2491)-Cramling,P (2516) Beijing 2012}) 13... cxd4 14. exd4 Bh6 15. Rc3 Rfd8 16. Ne5 Nxe5 17. dxe5 {[#]} Ne4 $1 {[%cal Re4d2][%mdl 512]} 18. Bxe4 (18. Nxe4 dxe4) 18... dxe4 19. Nf1 $1 Bf4 ({Better is} 19... Rxd1 $17 20. Qxd1 Rd8) 20. Rc2 $15 Qc5 21. Re1 ({White should try} 21. Ne3 $15) 21... Rd3 $17 22. Qg4 (22. Nd2 $142 e3 23. Nf1 exf2+ 24. Qxf2) 22... Bxe5 23. Bxe5 Qxe5 24. Ng3 Rcd8 25. Rce2 {[%cal Rg3e4]} f5 26. Qg5 {Nxe4! would now be nice for White.} Qg7 27. Rc2 h6 28. Qc1 R8d7 29. Qa3 Rd1 30. Rc1 Rxe1+ 31. Rxe1 Qc3 32. Rc1 Qd2 (32... Qd4 $19 {is more deadly. Threatens to win with ...f4.} 33. c5 bxc5) 33. Nf1 Qg5 {Hoping for ...e3.} 34. c5 bxc5 35. Qxc5 (35. Qa4 $17 Rc7 36. Qa5) 35... f4 $1 $19 {aiming for ...Qxc5.} 36. Qc4 $2 {[#]} (36. Qxg5 hxg5 37. Rc2) 36... Qd5 $2 (36... e3 $1 $19 {[%csl Gb7][%cal Rg5g2]} 37. Qxe6+ Kf8) 37. Qc2 $2 {[#]} (37. Qe2 $17) 37... Kh7 (37... e3 $142 $1 {[%csl Gb7][%cal Rd5g2]} 38. f3 e5) 38. Qe2 h5 39. Qb2 (39. b4 $17) 39... Qg5 $40 {[%mdl 128] Black has strong attack.} 40. Kh2 Ba6 {...e3 is the strong threat.} 41. Qa3 $2 (41. Qc3) 41... Bxf1 $1 42. Rxf1 f3 43. gxf3 Qf4+ 44. Kg2 exf3+ {Black mates.} 45. Kh1 Qg5 {[%csl Gf3][%cal Rg5g2]} 46. Rg1 {[#]} Rd1 $1 {[%mdl 512] Precision: White = 29%, Black = 63%.} 0-1

[Event "FIDE WCC 2018"]
[Site "Khanty-Mansiysk"]
[Date "2018.11.05"]
[Round "1.3"]
[White "Harika, Dronavalli"]
[Black "Khukhashvili, Sopiko"]
[Result "1/2-1/2"]
[WhiteElo "2498"]
[BlackElo "2316"]
[Annotator "TA"]
[PlyCount "114"]
[EventDate "2018.11.03"]
[EventType "k.o."]
[EventCountry "RUS"]
[SourceTitle "playchess.com"]
[Source "ChessBase"]
[SourceQuality "1"]

{[%evp 25,114,-2,37,0,39,0,0,-15,0,-15,-8,-14,-13,-17,-18,-16,-5,-27,0,0,0,-14,-10,-8,-7,-12,0,-38,-37,-31,-34,-47,-52,-65,-52,-72,-77,-75,-76,-68,-66,-81,-78,-69,-43,-52,-44,-50,-43,-83,-77,-70,-42,-30,0,0,0,0,0,-8,0,0,0,-4,0,-44,0,0,0,-2,-2,-2,0,0,0,0,0,-8,-6,-5,0,0,0,0,0,0,0,0,0,0,0]} 1. e4 c5 2. Nf3 a6 3. c3 d5 4. exd5 Qxd5 5. d4 Nf6 6. Be2 e6 7. O-O Nc6 8. Be3 cxd4 9. cxd4 Be7 10. Nc3 Qd6 11. Qd2 {B28: Sicilian: 2 Nf3 a6 (O'Kelly Variation)} O-O 12. Bf4 Qd8 13. Rfd1 Nb4 {[#] LiveBook: 4 Games} 14. Bg5 $146 ({Predecessor:} 14. Ne5 Nfd5 15. Bf3 f6 16. Nd3 Nc6 17. Be3 Nxe3 18. fxe3 f5 {1-0 (54) Najer,E (2707)-Vitiugov,N (2724) Tbilisi 2017}) 14... Nbd5 15. Nxd5 (15. Ne5 $14) 15... Nxd5 $11 16. Bxe7 Qxe7 17. Ne5 b6 18. Bf3 Bb7 19. Rac1 Rac8 20. a3 h6 21. Nc4 Rb8 22. Ne5 Qd6 23. Rc2 Ne7 24. Bxb7 Rxb7 25. Qe2 b5 26. Qe4 Rc7 27. Rxc7 Qxc7 28. h3 Rc8 29. Nf3 Qc2 30. Qxc2 Rxc2 $15 {[%mdl 4096] Endgame KRN-KRN} 31. Rd2 Rc1+ 32. Kh2 f6 {[%cal Bf7f6,Bf6f5,Bf5f4][%mdl 32]} 33. Ng1 Nd5 34. Ne2 Rc4 (34... Rb1 {is interesting.} 35. g4 Kf7 36. Kg3 Ke7 37. Kf3 g5) 35. Kg3 Kf7 36. Kf3 Ke7 37. Ng3 f5 38. Nf1 f4 39. Nh2 h5 40. Ke4 g5 41. Nf3 Kf6 $1 42. Kd3 Ne7 43. Ne5 Rc1 44. Nd7+ Kf5 45. Nc5 a5 46. Re2 {[#] And now Re5+ would win.The position is equal.} Rd1+ 47. Kc2 Rxd4 48. Nxe6 Rd7 49. Ng7+ Kg6 50. Ne6 $1 {[%cal Re6f8]} Kf6 51. Nc5 Rc7 52. b4 $1 Nd5 {aiming for ...f3.} 53. Re6+ Kf5 54. Rd6 Ke5 55. Re6+ $1 Kf5 56. Rd6 Ke5 57. Re6+ $1 Kf5 {Precision: White = 61%, Black = 60%.} 1/2-1/2

[Event "FIDE WCC 2018"]
[Site "Khanty-Mansiysk"]
[Date "2018.11.05"]
[Round "1.3"]
[White "Stefanova, Antoaneta"]
[Black "Foisor, Sabina-Francesca"]
[Result "1-0"]
[WhiteElo "2490"]
[BlackElo "2264"]
[Annotator "TA"]
[PlyCount "113"]
[EventDate "2018.11.03"]
[EventType "k.o."]
[EventCountry "RUS"]
[SourceTitle "playchess.com"]
[Source "ChessBase"]
[SourceQuality "1"]

{[%evp 19,113,11,28,31,19,17,31,15,22,25,31,19,43,14,50,53,50,26,31,27,75,43,76,79,78,66,80,18,60,6,0,-48,-34,-55,-58,-68,-72,-60,-47,-43,-33,-72,-53,-37,0,-16,-8,-12,0,-48,0,-70,0,0,10,15,177,79,155,137,209,158,170,154,213,218,258,250,399,385,525,546,791,826,702,815,785,789,759,696,733,673,1610,1496,29975,29973,29995,1285,6032,29950,6727,5975,29956,6012,29965,1462]} 1. Nf3 Nf6 2. g3 d5 3. Bg2 Bf5 4. O-O c6 5. d3 e6 6. Nh4 Bg4 {A07: Barcza-System (Königsfianchetto mit möglichen Übergängen in andere Systeme)} 7. h3 Bh5 8. Qe1 Be7 9. f4 Nfd7 10. Nf3 Bxf3 {LiveBook: 5 Partien} 11. Bxf3 Qc7 $146 ({Vorgänger:} 11... O-O 12. e4 dxe4 13. dxe4 e5 14. Nd2 {0-1 (41) Nisipeanu,L (2672)-Wojtaszek,R (2737) Antalya 2017}) 12. e4 dxe4 13. Qxe4 Nf6 14. Qe2 Nbd7 15. Nd2 Nb6 16. Bg2 g6 17. Nf3 Nh5 18. Kh2 Bf6 19. Ne5 O-O 20. b3 Bg7 21. Bb2 a5 22. c4 a4 23. Ng4 ({Besser ist} 23. d4 $16) 23... Nd7 24. Bxg7 (24. d4 $14) 24... Nxg7 $11 25. b4 h5 26. Ne3 Nf5 27. Nxf5 exf5 28. Rae1 Nf6 29. Qb2 Kg7 30. Re5 Rad8 (30... h4 $5 31. Rf3 Rh8 $15) 31. d4 Qd6 32. d5 cxd5 33. Rxd5 Qc7 34. Rc5 Qd6 35. Bxb7 (35. Rd5 $1 $11 Qc7 36. Rfd1) 35... Qd2+ ({Günstiger ist} 35... Qd3 $15 36. Rf3 a3) 36. Rf2 Qxb2 37. Rxb2 Rb8 $2 {[#]} (37... Rd3 $11) 38. Bg2 (38. Rc7 $18 {und Weiss behält klar die Oberhand.}) 38... h4 (38... a3 $142 39. Rb3 Rfe8) 39. gxh4 $16 Rfd8 (39... a3 $16 40. Rb3 Rfd8) 40. b5 a3 41. Rf2 Rd4 (41... Rd1 $16 42. h5 Nxh5) 42. Rc7 $18 Ne4 43. Rc2 Rd3 (43... Nd2 {war nötig.} 44. Rc3 Rxf4) 44. Ra7 Nc5 45. Bd5 Re8 46. Rxf7+ Kh6 47. b6 Ree3 48. Bg2 Rd6 49. b7 Rb6 50. Rc7 Ne6 51. Rc8 Nd4 52. Rd2 Nb3 53. Rf2 (53. Rd7 $142 Re7 54. Rxe7 g5 55. hxg5+ Kg6 56. Rh8 Rd6 57. Rh6#) 53... Na5 54. b8=Q Rxb8 55. Rxb8 Nxc4 56. Bd5 (56. Rc2 $142 Nd6 57. Rc6 Re8 58. Rbb6 Ne4 59. Rxg6+ Kh7 60. Rgc6 Kg8 61. Rb5) 56... Nd6 57. Rb3 {Precision: Weiß = 46%, Schwarz = 26%.} (57. Rg2 $142 Re8 58. Rxe8 Nxe8 59. Bf7 Nc7 60. Bxg6 Ne6 61. Bxf5 Nxf4 62. Rd2) 1-0

[Event "FIDE WCC 2018"]
[Site "Khanty-Mansiysk"]
[Date "2018.11.05"]
[Round "1.3"]
[White "Saduakassova, Dinara"]
[Black "Matnadze, Ana"]
[Result "1-0"]
[WhiteElo "2474"]
[BlackElo "2372"]
[Annotator "TA"]
[PlyCount "145"]
[EventDate "2018.11.03"]
[EventType "k.o."]
[EventCountry "RUS"]
[SourceTitle "playchess.com"]
[Source "ChessBase"]
[SourceQuality "1"]

{[%evp 16,145,34,31,44,44,50,43,43,35,41,30,40,30,33,31,34,25,41,14,25,18,25,19,28,21,21,0,21,13,27,29,33,17,34,16,63,36,98,70,146,134,149,143,250,233,304,291,335,111,138,137,190,156,254,123,325,318,348,343,360,353,416,331,353,344,422,414,418,418,418,422,478,470,472,456,459,415,445,0,441,402,446,266,397,0,429,425,404,440,585,565,614,618,614,583,578,573,591,512,1088,1044,960,886,2140,900,844,818,854,831,5623,4394,29969,29970,12801,5302,29977,29976,29979,29980,29973,6635,29986,29987,29987,29988,29988,29989,29989,29988,29988,29988]} 1. d4 Nf6 2. c4 e6 3. Nf3 d5 4. Nc3 a6 5. cxd5 exd5 6. Bg5 {D37: Queen's Gambit Declined: 5 Bf4} Be6 7. e3 Nbd7 8. Bd3 h6 9. Bf4 {LiveBook: 20 Games} Bd6 $146 ({Predecessor:} 9... g5 10. Bg3 Nh5 11. Be5 Nhf6 12. Bg3 Nh5 13. Qb3 Nxg3 14. hxg3 {½-½ (48) Karjakin,S (2773)-Caruana,F (2822) Saint Louis 2018}) 10. Bxd6 cxd6 11. O-O O-O 12. h3 b5 13. a4 b4 14. Ne2 a5 15. Nf4 Nb6 16. Nd2 Bd7 17. Bc2 Rc8 18. b3 Rc3 19. Rc1 Qe7 20. Ne2 Rcc8 21. Ng3 g6 22. Qe2 Qd8 23. Bd3 Re8 24. Bb5 h5 25. Qd3 h4 26. Bxd7 Nbxd7 (26... Qxd7 $14 27. Ne2 Rxc1 28. Nxc1 (28. Rxc1 Rc8 $16) 28... Qa7) 27. Ne2 Qb6 ({Better is} 27... Kg7 $14) 28. Nf3 $16 Ne4 29. Nxh4 Ndf6 (29... Kg7 $16 30. Rc2 Nf8) 30. f3 $1 $18 Nc3 31. Nxc3 bxc3 {[#]} 32. Rxc3 $2 (32. Nxg6 $1 $18 {[%mdl 512] is the precise move to win. Threatens to win with Nf4.} Qxb3 (32... fxg6 33. Qxg6+) 33. Nf4) 32... Rxc3 $16 33. Qxc3 Rb8 {[#]} (33... Qd8 $16 34. g4 Nxg4 35. fxg4 (35. hxg4 Qxh4 36. Kg2 Kg7 $16) 35... Qxh4) 34. Rb1 $1 $18 Qa6 (34... Kg7 $16 35. Kh2 Qd8) 35. Qd2 (35. g4 $18 {and White stays clearly on top.}) 35... Qc6 $2 (35... Kg7 $16 {is a better defense.}) 36. g4 (36. Qxa5 g5 $16) 36... Rc8 37. Ng2 ({Resist} 37. Qxa5 Qc2 $18) 37... Qb6 38. Nf4 Qc6 39. Ne2 Qb6 40. Kf2 Rc6 41. Rc1 Rxc1 42. Nxc1 ({Less strong is} 42. Qxc1 Qxb3 43. Qc8+ Kg7 $18) 42... Nd7 43. Qc3 Nb8 44. Nd3 Nc6 45. h4 Qb7 46. Nf4 Nb4 47. Nd3 Nc6 $1 48. Kg3 Kg7 49. Qc2 (49. Nf4 $142) 49... Qd7 (49... Nb4 $142 50. Nxb4 Qxb4) 50. Qc3 Qb7 51. Nf4 Nb4 52. h5 Qe7 53. hxg6 fxg6 54. Qc7 Qxc7 55. Ne6+ Kf7 56. Nxc7 {[%mdl 4096] Endgame KN-KN} Ke7 57. Kf4 Kd7 (57... Kf6 $142 58. Kg3 Kf7) 58. Nb5 Ke6 59. Kg5 Nc2 60. Nc7+ (60. Kxg6 $142 Nxe3 61. g5) 60... Kf7 61. Nxd5 Ke6 62. Nc7+ Kd7 63. Nb5 Nxe3 64. Kxg6 Ng2 65. Kf6 Ne1 66. f4 {[%cal Bf3f4,Bf4f5,Bf5f6][%mdl 32]} Ng2 67. f5 Ne3 68. g5 (68. Kg7 $142 Nxg4 69. f6 Nxf6 70. Kxf6 d5 71. Ke5 Kc8 72. Kxd5 Kd7 73. Kc5) 68... Nd5+ 69. Kf7 {White mates.} Ne3 70. f6 Nf5 71. g6 {[%cal Bg5g6,Bg6g7][%mdl 32]} Nh6+ 72. Kf8 Ke6 73. g7 {Precision: White = 49%, Black = 26%.} 1-0